[Event "Gold Coast Masters U18"]
[Site "Gold Coast"]
[Date "2005.02.22"]
[Round "4"]
[White "Rynne, Tom"]
[Black "Eom, Andrew"]
[Result "0-1"]
[WhiteElo "997"]
[BlackElo "915"]
[PlyCount "96"]
[EventDate "2005.02.01"]
[EventType "swiss"]
[EventRounds "5"]
[EventCountry "AUS"]
[SourceTitle "EXT 2010"]
[Source "ChessBase"]
[SourceDate "2010.11.25"]
[SourceVersion "1"]
[SourceVersionDate "2010.11.25"]
[SourceQuality "1"]

1. e4 e5 2. Nf3 Nc6 3. d3 h6 4. Nc3 Bc5 5. Be3 Bxe3 6. fxe3 Nf6 7. d4 Qe7 8. a3 0-0 9. Bc4 d6 10. 0-0 Bg4 11. Bd5 exd4 12. exd4 Rfe8 13. Qd3 Be6 14. Rae1 Rad8 15. Bxe6 Ne5 16. Qe2 Nxf3+ 17. Qxf3 Qxe6 18. d5 Qg4 19. Qxg4 Nxg4 20. Rf4 Ne5 21. b3 c6 22. a4 a6 23. b4 f6 24. g4 Kf7 25. h3 g6 26. Ref1 Nd7 27. h4 Kg7 28. g5 hxg5 29. hxg5 Rf8 30. Rh4 Rf7 31. Rhf4 Rdf8 32. b5 axb5 33. axb5 cxd5 34. exd5 fxg5 35. Rxf7+ Rxf7 36. Rxf7+ Kxf7 37. Ne4 Ke7 38. Nxg5 Kf6 39. Nf3 Kf5 40. Kf2 Ke4 41. Nd2+ Kxd5 42. c4+ Kd4 43. Ke2 Ne5 44. Nb3+ Kxc4 45. Na5+ Kxb5 46. Nxb7 Kc6 47. Nd8+ Kc5 48. Ne6+ Kc4 0-1